000 00602nam a2200217Ia 4500
003 OSt
005 20220923220823.0
006 a|||||r|||| 00| 0
007 ta
008 220922b |||||||| |||| 00| 0 hin d
024 _a190,904
037 _cTextual
040 _aARTS
_cARTS
_bhin
041 _2hin
_ahin
082 _aR65:22, 152F9
245 0 _aकथावलि उपनिषद्, अनु जालिम सिंह
246 _aKathāvali upaniṣhad, anu0 jālim sianha
260 _c1929
942 _hR65:22, 152F9
_cTEXL
_2CC
999 _c343625
_d343625